Quizzes
Events
Quiz Creation
Community
Videos
Private Events
Remove Ads
Sign In
Join for FREE
Feedback
Dark Mode
Quiz Categories
Sports
Geography
Music
Movies
Television
Just For Fun
Miscellaneous
History
Literature
Language
Science
Gaming
Entertainment
Religion
Holiday
For Kids
Quiz Lab
Recent
Popular Today
Quiz Kudos Today
Editor Picks
Curator Picks
Quizzes by...
Day
Popularity
Type
Ratings
Length
Year
Community
Subscriptions
Recent Discussions
Orange Saloon
Badges
Playlists
Quests
Create
Leaderboards
Showdown
Live 5
Trivia Bingo
Activity
Puzzle Library
Sporcle Events
Private Events
Virtual Trivia
Globe League
Become a Host
Pub Owners
SporcleCon
Opinionation
Our Games
Videos
Blog
Mobile Apps
Partnerships
Remove Ads and Go Orange
Feedback
Sports
Athletes
MLB
NBA
NHL
NFL
Soccer
Sports Teams
WWE
NCAA
Football
Premier League
Basketball
Baseball
Hockey
Golf
Tennis
Cricket
Rugby
Auto Racing
Olympics
World Cup
Sports
Athletes
MLB
NBA
NHL
NFL
Soccer
Sports Teams
WWE
NCAA
Football
Premier League
Basketball
Baseball
Hockey
Golf
Tennis
Cricket
Rugby
Auto Racing
Olympics
World Cup
Random Quiz
Search Sporcle
×
Quiz Lab
Quiz Lab
Sports
Country
Type in answers that appear in a list
Type in answers that appear in a list
Classic
Best Score? Go Orange.
Best Touring Spinners in India Stats
Can you name the Spinners with the best bowling averages in test matches as a tourist in India?
By
Crickeet
10m
22 Questions
255 Plays
255 Plays
255 Plays
Comments
Comments
Give Quiz Kudos
Give Quiz Kudos
-
- Ratings
hide this ad
More Info
Replay
Link that replays current quiz
Next Quiz
Link to next quiz in quiz playlist
You Got
0%
They Got
Avg Score
43%
Avg Friend Score
Upgrade to see
Score Distribution
Jump to the score distribution portion of the page
Score
0/22
Timer
10:00
0
Plays Today
Average
Player
% Correct
43.11
Shane Warne
96.1%
45.45
Muttiah Muralitharan
92.9%
28.96
Graeme Swann
92.5%
38.25
Monty Panesar
87.9%
44.77
Daniel Vettori
85.1%
20.95
Saqlain Mushtaq
76.9%
37.33
Nathan Lyon
75.7%
39.58
Danish Kaneria
64.3%
40.80
Carl Hooper
59.6%
18.38
Richie Benaud
56.9%
26.51
Derek Underwood
56.1%
Average
Player
% Correct
23.38
Lance Gibbs
47.8%
35.06
Tauseef Ahmed
46.7%
28.54
Tony Lock
40%
16.82
Hedley Verity
28.2%
33.86
Iqbal Qasim
26.7%
27.66
Fred Titmus
21.2%
39.44
Pat Pocock
14.9%
19.10
Ashley Mallett
13.3%
27.76
David Allen
9.4%
28.04
Roy Tattersall
3.1%
32.66
Haseeb Ahsan
1.2%
Quiz Playlist
Details
Report
Send in Message
Add To Playlist
More Info:
As of 11 March 2015. Qualification = 15 wickets.
Classic:
Type in answers that appear in a list
Quiz Source
Last Updated: Feb 16, 2017
Quiz Scoreboard
CHALLENGE
Sign Up to Join the Scoreboard
Show All
Scores
Hide
Comments
May contain spoilers
Recently Published
Presidents Visiting Landmarks
by Hejman
History
7m
An Introduction to Baseball
by treessimontrees
Sports
5m
Movies - When Are They Set?
by FPL_Elf
Movies
5m
More to Explore
Quiz From the Vault
Featured Blog Post
Where Did the Easter Bunny Come From?
hide this ad
You Might Also Like...
Tags
Country Quiz
Average
Bowling
India
Matching
Player
Spinner
test
tour
Touring
tourist
Today's Top Quizzes in Sports
Browse Sports
hide this ad
Today's Top Quizzes in Country
Browse Country
Top Contributed Quizzes in Sports
1
Les meilleurs buteurs des matchs entre le PSG et l’OM
2
2022 World Cup Stars
3
FIFA Club World Cup Champions
4
Les entraîneurs de l'OM et du PSG au 21e siècle
5
Name the Premier League winners with different clubs
6
5-to-1: UK Sports Teams
7
La finale Lions - Afrique du Sud 2021
8
Criteria MLB: Left Handed Sluggers
9
AFC Teams Reveal (Wrong Answers Minefield)
10
England Test cricketers to play under Nasser Hussain
Explore More
Trending Topics
Marvel
Harry Potter
Anime
NBA
Kpop
Crossword
Disney
NFL
Pokémon
The Office
Puzzle
Country
Soccer
Song
WWE
hide this ad
More By:
Crickeet
Quiz
Plays
Rating
Category
Featured
Created
Noughties Test Match Cricket
14,158
4.56
Sports
Jan 26, 2010
England Cricket World Cup 1992-2015
12,736
4.44
Sports
Feb 3, 2010
Cricket World Cup 2011 Top Run Scorers
7,710
4.71
Sports
Apr 3, 2011
Shane Warne's Victims
6,695
4.31
Sports
Feb 10, 2010
Cricket World Cup 2011 Most Wickets
5,941
4.63
Sports
Apr 3, 2011
Go to Creator's Profile
Score Distribution
Quiz Creator Spotlight
Crickeet
Follow
Send a Message
Quizzes Created
-
Created Quiz Play Count
-
More By This Creator
Popular Quizzes Today
1
Find the US States - No Outlines Minefield
2
Find the Countries of Europe - No Outlines Minefield
3
The Countries of the World
4
Find the US States
5
Popular People in 1961
6
US States
7
Risky Map Clicking: Biggest States A-Z
8
Movies - When Are They Set?
More Sports Quizzes
Chainamania II
Quiz Lab
Trending Quizzes
Risky Map Clicking: Least Populous States A-Z
1-10 Letter G Words
1-10 Letter F Words
Risky Map Clicking: Next State Alphabetically
Risky Map Clicking: Biggest States A-Z
Recently Updated
Leaping Animals
pecheneg
Reality TV Shows (A-Z)
bhenderson79
Rickey Henderson's Hall of Fame Teammates
pecheneg
Champions League XIs: Arsenal
pecheneg
Quick Pick: Celebrities in WWE's Hall of Fame
aduchscher
A-Z Keypad Blitz II
pecheneg
Multiple Oscar Actors
pecheneg
Mystery Phrase Blitz: Oscar 'Best Actors'
pecheneg
F. Scott Fitzgerald Novels
LTH
Pick 3 Villains
ddd62291
Trending Topics
Harry Potter
Kpop
Crossword
Marvel
Disney
Anime
NBA
Country
Song
Soccer
The Office
Pokémon
NFL
Puzzle
WWE
Your Account Isn't Verified!
In order to create a playlist on Sporcle, you need to verify the email address you used during registration. Go to your
Sporcle Settings
to finish the process.
Report this User
Report this user for behavior that violates our
Community Guidelines
.
Details:
Send Report
Go to the Sporcle.com Mobile Site →
Comments